Druhá celoštátna konferencia o službách v agrokomplexe

Bibliographic Details
Main Author: Zoborský, Ivan Mojmír, 1942- (Author)
Format: Article
Language:Slovak
Subjects:

MARC

LEADER 00000nab a2200000 a 4500
001 vtls000305862
003 SK-MaSNL
005 20260304082717.0
008 250424c1988 xo 0 slo
015 |a SNBRB19rr/mm-uuuuu 
035 |a CL0315981 
035 |a urn:nbn:sk:snk-abf1cn 
035 |a (urnnbn)urn:nbn:sk:snk:ar-005ljo 
035 |a (uuid)eef34209-08ae-4aba-9b62-b91077c817a4 
040 |a SNKBUCL  |b slo  |c SNKBUCL  |e AACR2 
041 0 |a slo 
044 |a xo  |c SK 
080 |a 631.173  |2 1981 
080 |a 631.157  |2 1981 
080 |a 061.3  |2 1981 
100 1 |a Zoborský, Ivan Mojmír,  |d 1942-  |4 aut  |9 205391 
245 1 0 |a Druhá celoštátna konferencia o službách v agrokomplexe  |c Ivan Zoborský 
650 0 7 |a Agrokomplex, VHJ  |2 snkbucl  |9 923803 
650 0 7 |a služby pre poľnohospodárstvo  |2 snkbucl  |9 934935 
655 7 |a články z novín a časopisov  |2 snkbucl  |9 267496 
773 0 |t Poľnohospodárstvo  |g Roč. 34, č. 1 (1988), s. 109-110 
850 |a Slovenská národná knižnica 
852 |a Slovenská národná knižnica 
954 |a odborná, vedecká literatúra pôvodná (slovenská)  |2 lita 
957 |a 5406 
958 |a article27 
958 |a RK 
958 |a OND 
958 |a EUIPO 
992 |a RBX 
999 |c 2797939  |d 2799869